000 00772cam a2200145 4500500
005 20260329064731.0
041 _afre
042 _adc
100 1 0 _aBilheran, Ariane
_eauthor
700 1 0 _aBouyssou, Gilles
_eauthor
245 0 0 _aHarcèlement en entreprise : Comprendre, prévenir, agir
260 _bArmand Colin,
_c2010.
520 _aUn guide pratique d’intervention détaillant les réponses jurdiques et psychologiques permettant de gérer les situations de harcèlement: les interlocuteurs à privilégier en interne et à l’extérieur de l’entreprise, les conséquences psychologiques, les sanctions, les voies judiciaires, etc.
856 4 1 _uhttps://droit.cairn.info/harcelement-en-entreprise--9782200248406?lang=fr&redirect-ssocas=7080
999 _c2016921
_d2016921